[Event "Sandton SWVG blitz op"]
[Site "Sandton"]
[Date "2019.05.19"]
[Round "2"]
[White "Wolpe, Clyde"]
[Black "Mpya, Tshediso M"]
[Result "0-1"]
[WhiteElo "2004"]
[BlackElo "1925"]
[PlyCount "140"]
[EventDate "2019.05.19"]
[EventType "swiss (blitz)"]
[EventRounds "10"]
[EventCountry "RSA"]
[SourceTitle "CBM 190 Extra"]
[Source "ChessBase"]
[SourceDate "2019.07.15"]
[SourceVersion "1"]
[SourceVersionDate "2019.07.15"]
[SourceQuality "1"]

1. e4 c6 2. d4 d5 3. exd5 cxd5 4. Bd3 Qc7 5. Nf3 Bg4 6. 0-0 Nc6 7. c3 e6 8. Re1 Nf6 9. Bg5 Be7 10. Nbd2 0-0 11. h3 Bh5 12. Bh4 Bg6 13. Bxg6 hxg6 14. Ne5 b5 15. Ndf3 a5 16. Nxc6 Qxc6 17. Ne5 Qc7 18. Qe2 b4 19. Rac1 bxc3 20. Rxc3 Qb7 21. Rb3 Qc7 22. Bg3 Bd6 23. Rc3 Qe7 24. Rc6 Ne4 25. Bf4 g5 26. Bh2 Bb4 27. Rec1 Bd2 28. R1c2 Bb4 29. f3 Nf6 30. Rc7 Qe8 31. Nc6 Qb8 32. Nxb4 Qxb4 33. Qd2 Qxd2 34. Rxd2 Rab8 35. Ra7 Rb5 36. a4 Rb4 37. Rxa5 Rc8 38. Rc5 Ra8 39. a5 Ra4 40. Be5 Nd7 41. Rc7 Nxe5 42. dxe5 R8xa5 43. Kh2 Rb4 44. Rdc2 Ra2 45. Rc8+ Kh7 46. R8c7 Kg6 47. Kg3 Rbxb2 48. Rxb2 Rxb2 49. Rc1 Kf5 50. Re1 d4 51. Re4 Rd2 52. Re1 Rd3 53. Re4 f6 54. exf6 gxf6 55. h4 gxh4+ 56. Kxh4 e5 57. g4+ Kg6 58. Kg3 Rd2 59. f4 Rd3+ 60. Kh4 Re3 61. f5+ Kh6 62. Rxe3 dxe3 63. Kg3 e4 64. Kg2 Kg5 65. Kg3 e2 66. Kf2 Kxg4 67. Kxe2 Kxf5 68. Ke3 Ke5 69. Ke2 f5 70. Kf2 Kd6 0-1

[Event "Sandton SWVG blitz op"]
[Site "Sandton"]
[Date "2019.05.19"]
[Round "6"]
[White "Wolpe, Clyde"]
[Black "Mwale, Joseph"]
[Result "0-1"]
[WhiteElo "2004"]
[BlackElo "2161"]
[PlyCount "68"]
[EventDate "2019.05.19"]
[EventType "swiss (blitz)"]
[EventRounds "10"]
[EventCountry "RSA"]
[SourceTitle "CBM 190 Extra"]
[Source "ChessBase"]
[SourceDate "2019.07.15"]
[SourceVersion "1"]
[SourceVersionDate "2019.07.15"]
[SourceQuality "1"]

1. d4 Nf6 2. Nc3 e6 3. e4 d5 4. Bg5 dxe4 5. Nxe4 Be7 6. Nxf6+ Bxf6 7. Bxf6 Qxf6 8. Nf3 0-0 9. Bd3 Nd7 10. 0-0 b6 11. Qe2 Bb7 12. Be4 Bxe4 13. Qxe4 c5 14. c3 Rfd8 15. Rad1 cxd4 16. Qxd4 e5 17. Qd6 e4 18. Qxf6 Nxf6 19. Ne5 Kf8 20. h3 Rac8 21. Rfe1 Rxd1 22. Rxd1 Ke7 23. Kf1 Ke6 24. Ng4 Nd5 25. Rd4 f5 26. Ne3 Nf4 27. g4 g6 28. f3 Nxh3 29. gxf5+ gxf5 30. fxe4 f4 31. Nf5 Rg8 32. Rd6+ Ke5 33. Rd4 f3 34. Ne7 Rg1# 0-1